One-Syllable Pokémon - Statistics

General Stats
  • This quiz has been taken 170 times
    165 since last reset
  • The average score is 10 of 15
Answer Stats
Type Answer % Correct
Poison Muk
84%
Ice/Psychic Jynx
79%
Psychic Mew
79%
Water Seel
76%
Grass/Poison Gloom
75%
Ice/Bug Snom
71%
Fighting Sawk
64%
Fighting Throh
63%
Psychic/Fairy Ralts
59%
Steel Klink
56%
Steel Klang
55%
Ice/Water Spheal
55%
Electric Shinx
47%
Poison/Water Skrelp
47%
Psychic Spoink
43%
No matching quizzes found
Score Distribution
Percent of People with Each Score
Percentile by Number Answered
Your Score History
You have not taken this quiz since the last reset